000 00725nam a2200241 a 4500
001 15197
003 BD-RUCL
005 20211208235752.0
008 170118s1954 nyua 001 0 eng c
035 _a(BD-RUCL)15251
040 _aCSU
_cBD-RUCL
_dBD-RUCL
_beng
041 _aeng
082 _a657.42
_bNIC 1954
_223
100 1 _aNickerson, Clarence B.
_946728
245 1 0 _aCost accounting :
_btext, problems, and cases /
_cClarence B. Nickerson
260 _aNew York :
_bMcGraw-Hill Book Company,
_c1954.
300 _axii, 462 p. :
_bill ;
_c24 cm.
490 1 _aHarvard problem books.
500 _aIncludes index
650 0 _aCost accounting.
_947275
830 0 _aHarvard problem books.
_9230213
942 _2ddc
_cBK
999 _c15197
_d15197